|
|
|
|
| LEADER |
00555cam a2200145 7i4500 |
| 001 |
0000029442 |
| 005 |
20130415090000.0 |
| 020 |
0 |
0 |
|a 9789756427279
|
| 090 |
0 |
0 |
|a I 310.9
|b ORG
|
| 110 |
2 |
0 |
|a Organization of the Islamic Conference (OIC)
|
| 245 |
2 |
0 |
|a Annual economic report on the OIC countries 2011.
|
| 260 |
0 |
0 |
|a Ankara, Turkey:
|b Statistical Economic and Social Research and Training Centre for Islamic Countries (SESRIC),
|c 2011.
|
| 300 |
# |
# |
|a 128 p.
|
| 650 |
0 |
0 |
|a Statistics --
|x OIC member countries
|
| 999 |
|
|
|a 0000031975
|b Book
|c International
|e Business Information Centre
|